<?xml version="1.0" encoding="UTF-8" ?>
<collection xmlns="http://www.loc.gov/MARC21/slim"><record><leader>00836nam a2200205 c 4500</leader><controlfield tag="001">167570</controlfield><controlfield tag="003">Zü176</controlfield><controlfield tag="005">20170718111328.0</controlfield><datafield tag="035" ind1=" " ind2=" "><subfield code="a">(OCoLC)938798242</subfield></datafield><datafield tag="041" ind1=" " ind2=" "><subfield code="a">ger</subfield></datafield><datafield tag="100" ind1="1" ind2="0"><subfield code="a">Giacometti, Giovanni </subfield><subfield code="d">1868-1933</subfield></datafield><datafield tag="245" ind1="0" ind2="0"><subfield code="a">Brief, Stampa d. 3 Mai 1917, Herrn Dr. W. Warthmann, Kunsthaus-Zürich</subfield><subfield code="b">Sehr geehrter Herr Doctor, ...</subfield><subfield code="c">Mit besten Grüssen Giov. Giacometti</subfield><subfield code="h">Manuskript</subfield></datafield><datafield tag="260" ind1=" " ind2=" "><subfield code="a">Stampa</subfield><subfield code="c">1917</subfield></datafield><datafield tag="300" ind1=" " ind2=" "><subfield code="a">1 Blatt</subfield><subfield code="c">20,1 x 32,1 cm</subfield></datafield><datafield tag="600" ind1="1" ind2="7"><subfield code="a">Giacometti, Giovanni</subfield><subfield code="d">1868-1933</subfield><subfield code="x">Brief</subfield><subfield code="x">Handschrift</subfield><subfield code="2">gnd</subfield></datafield><datafield tag="610" ind1="2" ind2="7"><subfield code="a">Kunsthaus Zürich</subfield><subfield code="x">Ausstellung</subfield><subfield code="x">Geschäftsbrief</subfield><subfield code="2">gnd</subfield></datafield><datafield tag="700" ind1="1" ind2="0"><subfield code="a">Wartmann, Wilhelm </subfield><subfield code="d">1882-1970</subfield><subfield code="e">Adressat</subfield></datafield><datafield tag="710" ind1="2" ind2="0"><subfield code="a">Kunsthaus Zürich</subfield></datafield><datafield tag="852" ind1="4" ind2="0"><subfield code="a">CH-000273-5</subfield><subfield code="c">10.30.30.163.giacometti.19170503</subfield></datafield><datafield tag="856" ind1="4" ind2="1"><subfield code="u">https://digital.kunsthaus.ch:443/viewer/image/167570/1/</subfield><subfield code="y">Kunsthaus Zürich Sammlungen online</subfield></datafield></record></collection>